Percepciones sobre el federalismo en México : (Registro nro. 37513)
[ vista simple ]
| 000 -LEADER | |
|---|---|
| fixed length control field | 01474cam a2200361 i 4500 |
| 001 - CONTROL NUMBER | |
| control field | 37513 |
| 003 - CONTROL NUMBER IDENTIFIER | |
| control field | Mx-PuUPA |
| 005 - DATE AND TIME OF LATEST TRANSACTION | |
| control field | 20250818125622.0 |
| 008 - FIXED-LENGTH DATA ELEMENTS--GENERAL INFORMATION | |
| fixed length control field | 140415s2015 mx ad gr 000 0 spa d |
| 020 ## - INTERNATIONAL STANDARD BOOK NUMBER | |
| International Standard Book Number | 9786070270109 |
| Qualifying information | rústica |
| 020 ## - INTERNATIONAL STANDARD BOOK NUMBER | |
| International Standard Book Number | 9786070269875 |
| Qualifying information | colección rústica |
| 040 ## - CATALOGING SOURCE | |
| Original cataloging agency | Mx-PuUPA |
| Language of cataloging | spa |
| Transcribing agency | Mx-PuUPA |
| Modifying agency | Mx-PuUPA |
| Description conventions | rda |
| 041 0# - LANGUAGE CODE | |
| Language code of text/sound track or separate title | spa |
| 043 ## - GEOGRAPHIC AREA CODE | |
| Geographic area code | n-mx--- |
| 245 00 - TITLE STATEMENT | |
| Title | Percepciones sobre el federalismo en México : |
| Remainder of title | encuesta nacional de federalismo / |
| Statement of responsibility, etc. | Daniel A. Barceló Rojas, José Ma. Serna de la Garza, Diego Valadés |
| 250 ## - EDITION STATEMENT | |
| Edition statement | Primera edición / |
| Remainder of edition statement | agosto |
| 264 #1 - PRODUCTION, PUBLICATION, DISTRIBUTION, MANUFACTURE, AND COPYRIGHT NOTICE | |
| Place of production, publication, distribution, manufacture | México, D.F. : |
| Name of producer, publisher, distributor, manufacturer | Universidad Nacional Autónoma de México, |
| Date of production, publication, distribution, manufacture, or copyright notice | 2015 |
| 300 ## - PHYSICAL DESCRIPTION | |
| Extent | 172 páginas : |
| Other physical details | ilustraciones, gráficas ; |
| Dimensions | 23 cm |
| 336 ## - CONTENT TYPE | |
| Fuente | rdacontent |
| Content type term | texto |
| Content type code | txt |
| 337 ## - MEDIA TYPE | |
| Source | rdamedia |
| Media type term | sin medio |
| Media type code | n |
| 338 ## - CARRIER TYPE | |
| Source | rdacarrier |
| Carrier type term | volumen |
| Carrier type code | nc |
| 490 0# - SERIES STATEMENT | |
| Series statement | Los mexicanos vistos por sí mismos. Los grandes temas nacionales ; |
| Volume/sequential designation | 23 |
| 650 #7 - SUBJECT ADDED ENTRY--TOPICAL TERM | |
| Source of heading or term | armarc |
| Topical term or geographic name entry element | Gobierno federal |
| Geographic subdivision | México |
| Chronological subdivision | Siglo XXI |
| General subdivision | Encuestas de la opinión pública |
| 651 #4 - SUBJECT ADDED ENTRY--GEOGRAPHIC NAME | |
| Geographic name | México |
| General subdivision | Política y gobierno |
| Chronological subdivision | 2000 |
| Geographic subdivision | Opinión pública |
| 700 1# - ADDED ENTRY--PERSONAL NAME | |
| Personal name | Barceló Rojas, Daniel Armando, |
| Relator term | autor |
| 9 (RLIN) | 1600 |
| 700 1# - ADDED ENTRY--PERSONAL NAME | |
| Personal name | Serna de la Garza, José Ma., |
| Relator term | autor |
| 700 1# - ADDED ENTRY--PERSONAL NAME | |
| Personal name | Valadés, Diego, |
| Relator term | autor |
| 942 ## - ADDED ENTRY ELEMENTS (KOHA) | |
| Source of classification or shelving scheme | Dewey Decimal Classification |
| Koha item type | Libro |
| Classification part | 351.72 |
| Item part | P47 |
| Withdrawn status | Lost status | Source of classification or shelving scheme | Damaged status | Not for loan | Collection code | Home library | Current library | Shelving location | Date acquired | Source of acquisition | Total Checkouts | Full call number | Barcode | Date last seen | Date last checked out | Price effective from | Koha item type |
|---|---|---|---|---|---|---|---|---|---|---|---|---|---|---|---|---|---|
| Dewey Decimal Classification | General | Biblioteca Karol Wojtyla | Biblioteca Karol Wojtyla | Sala general | 03/12/2013 | Donación | 351.72 P47 2015 | 48132 | 05/01/2026 | 21/04/2016 | 03/12/2013 | Libro |